000
00188 a2200097 4500
020
_a
9789584297150
041
_a
spa
100
_a
Disney, Walt
245
_a
La Bella Durmiente
942
_c
BK
999
_c
27471
_d
27471